000 00751cam a2200253 4500
001 ABS61905
008 000000n2000 000 0 eng u
035 _a(Sirsi) u104612
100 _aLawson, D.
245 _aTomorrow's world
260 _c2000
490 _aProperty Week
_v65(9) 3 March 2000 44-67(10)
520 _aIdentifies the key influences on business and science park sectors over the next few years - technology, planning, transport and globalisation.
590 _aABS
650 _aBUSINESS PARK
650 _aSCIENCE PARK
650 _aSPECULATIVE CONSTRUCTION
650 _aCLUSTERS
650 _aTRANSPORT
650 _aPLANNING
650 _aGLOBALISATION
690 _aPROPERTY-COMMERCIAL PROPERTY
942 _n0
999 _c62767
_d62767